| 000 | 01493 a2200301 4500 | ||
|---|---|---|---|
| 999 |
_c10965 _d10965 |
||
| 020 | _a0873328593 | ||
| 020 | _a0873328609 | ||
| 050 | 0 | 0 |
_aPL782 _bJAP 1991 |
| 100 |
_aLippit, Noriko Mizuta _eeditor |
||
| 245 | 0 | 0 |
_aJapanese women writers : _btwentieth century short fiction / _ctranslated and edited by Noriko Mizuta Lippit, Kyoko Iriye Selden. |
| 264 |
_a London, _bRoutledge, _cRoutledge, |
||
| 300 | _axxiv, 285pages ; | ||
| 336 |
_2 rdacontent _atext _btxt |
||
| 337 |
_2 rdamedia _aunmrdiated _bn |
||
| 338 |
_2rdacarrier _avolume _bnc |
||
| 500 | _a"An East gate book." | ||
| 504 | _a"An East gate book." | ||
| 520 | _aHere are Japanese women in infinite and fascinating variety -- ardent lovers, lonely single women, political activists, betrayed wives, loyal wives, protective mothers, embittered mothers, devoted daughters. ... a new sense of the richness of Japanese women's experience, a new appreciation for feelings too long submerged". -- The New York Times Book Review | ||
| 650 | 0 | _aShort stories, Japanese | |
| 650 | 0 |
_aJapanese fiction _xWomen authors |
|
| 650 | 0 | _aJapanese fiction | |
| 650 | 0 |
_aWomen _xSocial life and customs |
|
| 651 | _aJapan | ||
| 700 | 1 |
_aMizuta, Noriko. _eeditor and translator |
|
| 700 | 1 |
_aSelden, Kyoko Iriye, _d1936-2013. _eeditor and translator |
|
| 942 |
_2lcc _cBK _h782 _iJAP _kPL |
||